La tía Poli y su gato fantasma (Registro nro. 10500)

Detalles MARC
000 -Cabecera
Campo de control de longitud fija 00694nam a22002657a 4500
005 - Fecha y hora de la última transacción
Campo de control 20251016112122.0
008 - Elementos de longitud fija--Información general
Campo de control de longitud fija 180322b xxu||||| |||| 00| 0 spa d
020 ## - International Standard Book Number
Número Internacional Estándar del Libro (ISBN) 9789977239026
041 ## - Idioma
Código de idioma Español
082 ## - Clasificación Decimal Dewey
Número de clasificación CR 863.4 J61t
100 ## - Entrada principal--Autor personal
Nombre personal Jiménez, Floria
9 (RLIN) 46361
245 ## - Título propiamente dicho
Título La tía Poli y su gato fantasma
260 ## - Pie de imprenta
Lugar de publicación, distribución, etc. Costa Rica
260 ## - Pie de imprenta
Nombre del editor, distribuidor, etc. Editorial Costa Rica
260 ## - Pie de imprenta
Fecha de publicación, distribución, etc. 2016
300 ## - Descripción física
Extensión 166 páginas
300 ## - Descripción física
Otras características físicas Ilustraciones a color
490 ## - Serie
Título de la Serie Temática General
650 ## - Materia general
Temática (materia general) CUENTOS INFANTILES
650 ## - Materia general
Temática (materia general) CUENTOS COSTARRICENSES
650 ## - Materia general
Temática (materia general) LITERATURA INFANTIL
650 ## - Materia general
Temática (materia general) LITERATURA COSTARRICENSE
650 ## - Materia general
Temática (materia general) AVENTURAS
942 ## - Punto de acceso adicional KOHA
Tipo de ítem KOHA Literatura
Fuente del sistema de clasificación o colocación Dewey Decimal Classification
Existencias
Signatura completa Código de barras Programa Académico Tipo de ítem
CR 863.4 J61t 22916 Temática General Literatura